LEADER 01112nam2 22002773i 450 001 MIL0277772 005 20251003044230.0 100 $a20050517d1934 ||||0itac50 ba 101 | $aita 102 $ait 181 1$6z01$ai $bxxxe 182 1$6z01$an 200 0 $a2$fFrancesco D'Alessio 210 $aTorino$cUnione Tipografico-Editrice Torinese$d1934 215 $a664 p.$d23 cm. 461 1$1001LO10374693$12001 $aIstituzioni di diritto amministrativo italiano$fFrancesco D'Alessio$v2 606 $aDiritto amministrativo$2FIR$3CFIC006768$9E 676 $a342.45$9DIRITTO COSTITUZIONALE E AMMINISTRATIVO. ITALIA$v21 676 $a342.4506$9POTERE ESECUTIVO. ITALIA$v21 801 3$aIT$bIT-000000$c20050517 850 $aIT-BN0095 $aIT-AV0007 $aIT-NA0523 $aIT-AV0004 $aIT-AV0193 912 $aMIL0277772 950 2$aBiblioteca Centralizzata di Ateneo$c1 v.$d 01V (S) 000 824$e 01S 0009008245 VMA 1 v.$fY $h20140520$i20140520 977 $a 01$a AV$a DM$a DV$a ME 996 $a2$961340 997 $aUNISANNIO